| 000 | 00991nam a22003137a 4500 | ||
|---|---|---|---|
| 005 | 20110616122438.0 | ||
| 008 | 110616t xxu||||| |||| 00| 0 eng d | ||
| 010 | _aENG-102624 | ||
| 020 |
_c250.00 _a8187100796 |
||
| 035 | _aEN-86157 | ||
| 037 | _bDBAD / PUB | ||
| 040 |
_adpl _bEnglish |
||
| 082 | _a808.84 | ||
| 100 |
_928493 _aBhushan, S. |
||
| 110 | _928532 | ||
| 245 |
_aEssays at home for plus two, B.A. & all competitions / _cby S. Bhushan [and] A. Ganguly |
||
| 260 |
_aNew Delhi _bOcean Books _c2010 |
||
| 270 |
_a4/19, Asaf Ali Road _bNew Delhi _e110002 |
||
| 300 |
_a240p. _c22cm (Hb) |
||
| 600 | _928594 | ||
| 610 | _928529 | ||
| 650 | _928580 | ||
| 651 | _928530 | ||
| 700 |
_928520 _aGanguly, A. |
||
| 710 | _928535 | ||
| 942 |
_2ddc _cEN _mBHU _h808.84 |
||
| 999 |
_c52963 _d52963 |
||